Coleccion de poesías castellanas / (Record no. 184685)
[ view plain ]
| 000 -LEADER | |
|---|---|
| campo de control de longitud fija | 01237nam a2200229 i 4500 |
| 001 - NÚMERO DE CONTROL | |
| campo de control | 184685 |
| 003 - IDENTIFICADOR DE NÚMERO DE CONTROL | |
| campo de control | ES-MaACL |
| 005 - FECHA Y HORA DE LA ÚLTIMA TRANSACCIÓN | |
| campo de control | 20251013234831.0 |
| 008 - DATOS DE LONGITUD FIJA--INFORMACIÓN GENERAL | |
| campo de control de longitud fija | 151113m17821790sp |||| | spa d |
| 245 00 - MENCIÓN DEL TÍTULO | |
| Título | Coleccion de poesías castellanas / |
| Mención de responsabilidad, etc. | traducidas en verso toscano, é ilustradas por el Conde D. Juan Bautista Conti ; tomo I [-tomo IV]. |
| 260 ## - PUBLICACIÓN, DISTRIBUCIÓN, ETC. | |
| Lugar de publicación, distribución, etc. | Madrid : |
| Nombre del editor, distribuidor, etc. | Imprenta Real, |
| Fecha de publicación, distribución, etc. | 1782-1790. |
| 300 ## - DESCRIPCIÓN FÍSICA | |
| Extensión | 4 v. ([12], CCXXVII, [1], 151 p., [1] en bl. ; [12], X, 357, [2] p., [1] en bl. ; [18], LVII p., [1] en bl., 335 p., [1] en bl., [4] p. ; XXVII, [1], DVII [i.e. 537] p., [1] en bl.) ; |
| Dimensiones | 22 cm. |
| 500 ## - NOTA GENERAL | |
| Nota general | Portadas encaradas en italiano-español. |
| 530 ## - NOTA DISPONIBLE DE FORMULARIO FÍSICO ADICIONAL | |
| Nota de formato físico adicional disponible | Disponible en formato digital. |
| 546 ## - NOTA DE IDIOMA | |
| Nota de lengua/lenguaje | Texto paralelo italiano-español. |
| 594 ## - Nota al título y mención de responsabilidad | |
| Nota al título y mención de responsabilidad | Portada en italiano: "Scelta di poesie castigliane tradotte in verso toscano e ilustrate dal conte Giovambatista Conti ; parte prima, Tomo I [-Tomo IV]" |
| 650 #7 - PUNTO DE ACCESO ADICIONAL DE MATERIA--TÉRMINO DE MATERIA | |
| Término de materia o nombre geográfico como elemento de entrada | Poesías españolas |
| Fuente del encabezamiento o término | embne |
| 9 (RLIN) | 16214 |
| 700 1# - ENTRADA AGREGADA--NOMBRE PERSONAL | |
| Nombre de persona | Conti, Giovanni Battista, |
| Títulos y otros términos asociados al nombre | conte, |
| Fechas asociadas al nombre | 1741-1820 |
| 9 (RLIN) | 162984 |
| 852 ## - LOCALIZACIÓN | |
| Encuadernación | |
| Ubicación | BA |
| Número de control de estantería | R-1069-72 Olim: G-7116-9 |
| 856 ## - LOCALIZACIÓN Y ACCESO ELECTRÓNICOS | |
| Identificador Uniforme de Recursos | <a href="http://bdh-rd.bne.es/viewer.vm?id=0000014008&page=1 ">http://bdh-rd.bne.es/viewer.vm?id=0000014008&page=1 </a> |
| Nota pública | Biblioteca Digital Hispánica |
| Estatus retirado | Estado de pérdida | Estado de daño | No para préstamo | Colección | Biblioteca de origen | Biblioteca actual | Ubicación en estantería | Fecha de adquisición | Fuente de adquisición | Total de préstamos | Signatura topográfica completa | Código de barras | Visto por última vez | Precio de reemplazo | Tipo de ítem Koha |
|---|---|---|---|---|---|---|---|---|---|---|---|---|---|---|---|
| Colección digital | Biblioteca del Ateneo de Madrid | Biblioteca del Ateneo de Madrid | Depósito | 13/11/2015 | R-1069-72 | 1194454 | 23/02/2023 | 23/02/2023 | Libro impreso antiguo |
